| 000 | 00933cab a2200181 4500 | ||
|---|---|---|---|
| 001 | L130243 | ||
| 008 | 050704n2005 000 0 eng u | ||
| 035 | _a(Sirsi) u130243 | ||
| 041 | _aeng | ||
| 245 | _aYield up and reinstatement provisions in alleged conflict | ||
| 260 | _c2005 | ||
| 490 |
_aCommercial Leases _v19(6) June 2005, 995-998(4) |
||
| 520 | _aDiscusses the case "Fairgate International Ltd v Citibank International plc" ([2005] EWCA Civ 569, [2005] NPC 63) regarding apparent conflicts in the yield up and reinstatement provisions of a lease. The case is important to both draftsmen and advisers who have to interpret leases and to clarify parties' obligations. (See also L130050.) | ||
| 590 | _aIKA190705 | ||
| 650 | _aFAIRGATE INTERNATIONAL LTD V CITIBANK INTERNATIONAL PLC | ||
| 690 | _aPROPERTY-COMMERCIAL PROPERTY-LEASEHOLD COMMERCIAL PROPERTY-COMMERCIAL LANDLORD AND TENANT-COMMERCIAL LEASES | ||
| 942 | _n0 | ||
| 999 |
_c75511 _d75511 |
||